[Event "EICC 2017"]
[Site "Minsk"]
[Date "2017.06.09"]
[Round "10"]
[White "Andreikin, Dmitry"]
[Black "Aleksandrov, Aleksej"]
[Result "1/2-1/2"]
[WhiteElo "2723"]
[BlackElo "2559"]
[Annotator "TA"]
[PlyCount "73"]
[EventDate "2017.??.??"]
[EventCountry "BLR"]
[SourceTitle "playchess.com"]
[Source "ChessBase"]
[SourceQuality "1"]

{[%evp 23,73,6,29,26,22,22,31,42,44,29,52,42,48,52,50,51,52,52,52,48,48,43,53,40,70,68,72,57,57,-44,40,35,56,33,47,7,36,33,34,32,33,31,37,37,37,37,37,37,37,37,37,17]} 1. Nf3 d5 2. g3 c6 3. Bg2 Bg4 4. O-O Nf6 5. d3 Nbd7 6. Qe1 e5 7. e4 dxe4 8. dxe4 Bc5 9. Nbd2 O-O 10. h3 Bh5 11. Nh4 {A07: Réti Opening: New York and Capablanca Systems} (11. a4 Qc7 12. Nb3 Be7 13. Nh4 Rfe8 14. Be3 Bf8 15. g4 Bg6 16. Nf5 a5 17. Qe2 Nb6 18. Ng3 Nfd7 {1-0 (59) Svidler,P (2759)-Bok,B (2613) Biel 2016}) 11... Re8 12. Nb3 Bf8 {LiveBook: 4 Games} 13. Be3 {White has an edge.} Qc7 14. a4 c5 {[#]} 15. Nd2 $146 {[%cal Bb3d2,Bd2b1,Bb1c3][%mdl 32]} ({Predecessor:} 15. Qc3 c4 16. Nd2 Rac8 17. a5 b5 18. axb6 {½-½ (18) Lazic,M (2506)-Kalezic,B (2430) Budva 2003}) 15... c4 16. Nb1 Rac8 17. Nc3 Bb4 18. f3 Qa5 19. Qf2 a6 20. Rfd1 Bg6 21. Nd5 Nxd5 22. Rxd5 Qc7 23. Bf1 Qc6 24. a5 Nf6 25. Rdd1 Red8 26. Bb6 (26. Rxd8+ $14 Rxd8 27. c3 (27. Nxg6 hxg6 28. c3 Be7 $11)) 26... Rxd1 (26... c3 $1 $15 27. bxc3 (27. Rxd8+ Rxd8 28. bxc3 Bxc3 $15) 27... Rxd1 28. Rxd1 Bxc3) 27. Rxd1 $14 Nd7 28. Kh2 Kf8 29. Rd5 c3 30. b3 {White is slightly better.} Nxb6 31. Qxb6 Qxb6 32. axb6 {Strongly threatening Rd7.} Rc6 {[#]} 33. Bxa6 $1 {[%mdl 512] aiming for Rb5.} Rxb6 (33... bxa6 34. b7) 34. Bc4 Rd6 35. Kg1 f6 36. Nxg6+ hxg6 37. Kf1 {Precision: White = 66%, Black = 46%.} 1/2-1/2

[Event "EICC 2017"]
[Site "Minsk"]
[Date "2017.06.09"]
[Round "10"]
[White "Jakovenko, Dmitry"]
[Black "Parligras, Mircea-Emilian"]
[Result "1-0"]
[WhiteElo "2718"]
[BlackElo "2607"]
[Annotator "TA"]
[PlyCount "139"]
[EventDate "2017.??.??"]
[EventCountry "BLR"]
[SourceTitle "playchess.com"]
[Source "ChessBase"]
[SourceQuality "1"]

{[%evp 15,139,-4,6,-7,2,-24,-9,-33,-1,-31,-18,-31,-10,-6,-17,-31,-27,-23,10,11,8,1,0,0,0,0,0,0,0,0,39,29,72,65,77,76,85,83,114,122,147,138,155,160,162,164,148,154,160,168,158,155,172,174,198,181,184,148,160,106,128,111,146,115,232,162,164,161,146,94,123,94,183,143,165,154,159,115,115,111,130,103,148,98,111,108,185,189,191,187,172,189,177,167,975,914,868,788,527,476,29956,29955,9326,29952,9725,592,3022,3849,5175,3018,1372,834,29968,29965,29976,29977,29977,29978,29980,29981,29981,29983,29983,29984,29984,29985]} 1. Nf3 Nf6 2. g3 d5 3. Bg2 c6 4. O-O Bg4 5. d3 e6 6. Qe1 {A07: Réti Opening: New York and Capablanca Systems} Be7 7. e4 O-O 8. h3 Bh5 {LiveBook: 8 Games} (8... Bxf3 $5 9. Bxf3 c5 $11) 9. Nc3 (9. Nh4 Ne8 10. f4 Nd7 11. Nf3 Bxf3 12. Bxf3 a5 13. Bg2 Nd6 {1-0 (37) Nakamura,H (2786)-Grigoriants,S (2576) chess.com INT 2017}) 9... Nbd7 10. Kh1 a5 $146 ({Predecessor:} 10... h6 11. Ng1 dxe4 12. dxe4 Bg6 13. f4 {½-½ (51) Tkachiev,V (2642)-Bareev,E (2634) Moscow 2009}) 11. a3 (11. e5 $5 {[%cal Re5f6]} Ne8 12. g4 $11) 11... a4 12. Bg5 h6 {And now ...Bxf3 would win.} (12... Bxf3 $5 13. Bxf3 h6 $11) 13. Bd2 Qc7 14. Nh4 {[%cal Bf3h4,Bh4f5,Bf5d6][%mdl 32]} dxe4 15. Nxe4 Nxe4 16. Qxe4 Qe5 (16... Nf6 {looks sharper.} 17. Qe1 Nd5 18. c4 Nb6 19. Bf3 Bxf3+ 20. Nxf3 Rfd8) 17. Qxe5 Nxe5 18. Rae1 {[%cal Ba1e1,Be1e5,Be5b5,Bb5b7][%mdl 32]} Nd7 {[%cal Be5d7,Bd7b6,Bb6d5,Bd5c3][%mdl 32]} 19. Nf5 Bf6 20. Nd6 Bxb2 21. Nxb7 Bxa3 22. Na5 Nb6 23. Re5 $36 {[%mdl 2048] White is pushing.} Bg6 24. Bxc6 {Strongly threatening Rb5.} Rac8 25. Rb5 Nd5 26. Rb7 Rfd8 27. Bxa4 Nc3 28. Bd7 $1 {[%cal Rd7c8]} Rc5 29. Nb3 Rd5 30. Bxe6 (30. Bxc3 $6 R5xd7 31. Rxd7 Rxd7 $16) 30... fxe6 31. Bxc3 Bf8 32. Rc7 e5 33. Nd2 Bd6 34. Rc4 Be8 35. Kh2 Bb5 36. Rg4 Rc8 37. Ne4 (37. Nc4 $142) 37... Be7 $16 38. Rg6 $1 Bd7 39. g4 Ba4 (39... Bc6 $16) 40. Rc1 Bg5 41. Ra1 Bf4+ 42. Kg1 ({White should play} 42. Kg2 Kh7 43. Rxg7+ (43. Rxa4 Kxg6 44. Ra7 Rdd8 $14) 43... Kxg7 44. Rxa4) 42... Kh7 43. Rd6 ({Much less strong is} 43. Rxa4 Kxg6 44. Kg2 Rc6 $14) 43... Bc6 (43... Rxd6 $16 {might work better.} 44. Nxd6 Rxc3 45. Rxa4 Rxc2) 44. Ra6 Bb7 45. Rab6 $1 Ba8 46. Rb3 Rxd6 47. Nxd6 Rc7 48. Nf5 Bf3 49. Ne3 h5 50. gxh5 Bxh5 {[#]} (50... Bxe3 $16 {was called for.} 51. Bxe5 (51. fxe3 e4 $16) 51... Rxc2 52. fxe3 Kh6) 51. Bxe5 $1 $18 Bxe5 52. Rb5 Re7 {White must now prevent ...Bf3.} 53. Nc4 Bd1 {aiming for ...Bf4.} 54. Rxe5 Rxe5 $2 (54... Rc7 55. Ne3 Bxc2) 55. Nxe5 Bxc2 {[%mdl 4096] Endgame KB-KN} 56. h4 Kh6 57. Kg2 g5 (57... Kh7 $18 58. Kf3 Kg8) 58. Kg3 Kh5 59. hxg5 Kxg5 60. Kf3 (60. f3 $142 Bb3 61. d4) 60... Kf5 61. d4 {[%cal Bd3d4,Bd4d5,Bd5d6,Bd6d7][%mdl 32]} Bb1 62. Ke3 Ke6 63. Nc4 Kd5 {[#]} 64. Nb6+ $1 {White mates.} Ke6 65. d5+ Ke5 66. f4+ Kf6 67. d6 Bf5 68. Kd4 Bg4 69. d7 Ke7 70. Ke5 {Precision: White = 63%, Black = 29%.} 1-0

[Event "EICC 2017"]
[Site "Minsk"]
[Date "2017.06.09"]
[Round "10"]
[White "Matlakov, Maxim"]
[Black "Howell, David W L"]
[Result "1-0"]
[WhiteElo "2714"]
[BlackElo "2684"]
[Annotator "TA"]
[PlyCount "95"]
[EventDate "2017.??.??"]
[EventCountry "BLR"]
[SourceTitle "playchess.com"]
[Source "ChessBase"]
[SourceQuality "1"]

{[%evp 27,95,0,0,-7,28,31,33,33,31,33,48,38,38,38,31,37,39,39,41,34,40,35,38,28,27,35,78,83,113,114,126,123,119,112,108,109,164,163,229,245,213,191,234,235,266,266,237,241,416,422,570,543,570,544,666,679,672,652,994,979,1083,1069,1090,1025,1127,1081,29982,29983,29983,29984]} 1. c4 e6 2. Nc3 d5 3. d4 Be7 4. Nf3 Nf6 5. Bg5 h6 6. Bh4 O-O 7. e3 Ne4 8. Bxe7 Qxe7 9. Rc1 c6 10. g4 {D56: Queen's Gambit Declined: Lasker Defence} (10. Qc2 Nd7 11. Be2 Nxc3 12. Qxc3 dxc4 13. Qxc4 e5 14. O-O exd4 15. Nxd4 Nf6 16. Bf3 Re8 17. Rfd1 a5 {0-1 (70) Ivanchuk,V (2747)-Nakamura,H (2779) Doha 2016}) 10... Nd7 11. h4 e5 12. cxd5 Nxc3 13. Rxc3 cxd5 14. g5 e4 {LiveBook: 8 Games} 15. Nd2 hxg5 16. Qh5 $1 g6 17. Qxg5 Qxg5 18. hxg5 Rd8 $146 19. f3 exf3 20. Nxf3 Nf8 21. Bd3 Be6 22. Kd2 Rac8 23. Rhc1 $36 {[%mdl 2048] Black is under pressure.} Nh7 24. a4 Rxc3 25. bxc3 Bg4 26. Ne5 Be6 27. Rg1 Kf8 28. e4 b6 29. Ke3 dxe4 30. Bxe4 Bb3 31. Bc6 Bd5 (31... Rd6 $16 {was worth a try.}) 32. c4 $18 Bxc6 (32... Be6 $142 33. a5 bxa5) 33. Nxc6 {[%mdl 4096] Endgame KRN-KRN} Re8+ {[#]} 34. Kd3 $1 a5 35. d5 Kg7 36. Kd4 Re2 {[#]} 37. Ne5 $1 Rd2+ $2 (37... Rf2 {might work better.} 38. Nd7 Rf4+ 39. Kd3 Rf3+ 40. Ke2 Rb3) 38. Kc3 Re2 39. Nd7 Re3+ 40. Kd4 Rb3 41. d6 Rb2 42. Kd5 Rd2+ 43. Kc6 Rd4 44. Nxb6 Nf8 45. c5 Ne6 46. Re1 Kf8 {[#]} 47. Rxe6 $1 {[%mdl 512]} fxe6 48. Kd7 {Precision: White = 96%, Black = 41%.} 1-0

[Event "EICC 2017"]
[Site "Minsk"]
[Date "2017.06.09"]
[Round "10"]
[White "Ponomariov, Ruslan"]
[Black "Mchedlishvili, Mikheil"]
[Result "1-0"]
[WhiteElo "2712"]
[BlackElo "2605"]
[Annotator "TA"]
[PlyCount "85"]
[EventDate "2017.??.??"]
[EventCountry "BLR"]
[SourceTitle "playchess.com"]
[Source "ChessBase"]
[SourceQuality "1"]

{[%evp 9,85,14,12,10,24,10,17,17,16,4,8,-16,-6,-8,0,-5,11,2,37,15,15,15,16,25,18,0,57,63,40,0,49,0,24,0,52,51,57,65,58,58,104,105,172,115,204,202,221,185,201,199,239,256,249,194,248,190,253,248,246,246,261,265,251,236,351,368,452,429,467,433,564,529,832,803,1708,1559,29982,12838]} 1. e4 {[%cal Be2e4,Be4e5][%mdl 32]} c6 2. d4 d5 3. e5 Bf5 4. h4 h5 5. Bd3 Bxd3 6. Qxd3 {Threatening e6! B12: Caro-Kann: Advance Variation} Qa5+ (6... e6 7. Bg5 Be7 8. Nf3 Nh6 9. Nc3 Nf5 10. Ne2 c5 11. dxc5 Qa5+ 12. c3 Qxc5 13. Bxe7 Kxe7 14. Ned4 Nxd4 15. Nxd4 {0-1 (32) Adams,M (2761)-Svidler,P (2741) Shenzhen 2017}) 7. Nd2 {Threatens to win with e6!} e6 8. Ngf3 {The position is equal.} Nh6 9. O-O Nf5 10. c4 (10. Nb3 $5 {[%cal Rb3a5]} Qb6 11. Bg5 $11) 10... Be7 11. g3 $146 ({Predecessor:} 11. cxd5 cxd5 12. Nb3 Qa6 {1-0 (40) Riff,J (2499)-Roiz,M (2600) Berlin 2015}) 11... Nd7 12. b3 Rd8 13. Qc2 Nf8 14. Bb2 Rg8 15. Ng5 Bxg5 16. hxg5 Ng6 17. Nf3 h4 (17... c5 $11) 18. g4 $14 Nfe7 19. Rfe1 Rh8 20. Re3 Rd7 21. a4 Qd8 (21... c5 $11) 22. Kh2 Nf4 23. Rd1 Neg6 24. Bc1 h3 25. c5 Qe7 (25... Qa5 $16) 26. Rg1 (26. b4 $18) 26... Rd8 {[#]} (26... Ng2 $16) 27. b4 $1 $18 a6 28. Rg3 {[%cal Bg1g3,Bg3h3,Bh3h7][%mdl 32]} Kd7 29. Rb3 Ra8 30. Qb2 Rhc8 31. Be3 Ng2 (31... Kc7 $142 32. Qd2 Ng2) 32. Rxh3 N2f4 (32... Nxe3 {is a better defense.} 33. fxe3 (33. Rxe3 Rh8 $16) 33... Rh8 34. Rxh8 Rxh8+ 35. Kg3 Rc8) 33. Bxf4 Nxf4 34. Rh7 Qf8 35. Kg3 Ng6 36. Ne1 Qe7 (36... Qg8 {was necessary.} 37. Rh5 Kc7) 37. f4 {[%cal Bf2f4,Bf4f5,Bf5f6,Bf6g7][%mdl 32]} ({Don't do} 37. Rxg7 Rf8 $18) 37... Rh8 38. Rxh8 Nxh8 ({Stronger than} 38... Rxh8 39. b5 $18) 39. Nf3 Ng6 40. f5 Nf8 41. f6 Qd8 42. fxg7 Nh7 43. b5 {Precision: White = 69%, Black = 27%.} 1-0

[Event "EICC 2017"]
[Site "Minsk"]
[Date "2017.06.09"]
[Round "10"]
[White "Naiditsch, Arkadij"]
[Black "Bosiocic, Marin"]
[Result "1-0"]
[WhiteElo "2700"]
[BlackElo "2603"]
[Annotator "TA"]
[PlyCount "94"]
[EventDate "2017.??.??"]
[EventCountry "BLR"]
[SourceTitle "playchess.com"]
[Source "ChessBase"]
[SourceQuality "1"]

{[%evp 19,94,-23,-18,-16,-7,-16,-22,-13,0,-30,-20,-9,-20,-14,-20,-15,-10,-18,-27,-20,-12,-54,0,0,0,0,0,-34,-34,-39,0,-31,-28,-52,-38,-34,-28,-56,-62,-72,-63,-68,-51,-74,0,-10,-12,-12,0,7,13,6,85,197,175,170,325,301,601,787,1020,927,945,1416,1763,1811,1704,1637,2630,1682,12838,1002,12839,12839,12839,12839,1738]} 1. e4 e5 2. Nf3 Nc6 3. Bb5 Nf6 4. O-O Nxe4 5. d4 Nd6 6. Bxc6 dxc6 7. dxe5 Nf5 8. Qxd8+ Kxd8 9. c4 Be6 10. b3 h6 11. Nc3 {[%cal Bb1c3,Bc3d5,Bd5f6][%mdl 32] C67: Ruy Lopez: Berlin Defence: 4 0-0 Nxe4} c5 $146 ({Predecessor:} 11... Kc8 12. h3 b6 13. g4 Ne7 14. Kg2 Ng6 15. Kg3 Be7 16. Ne4 Kb7 17. Bb2 c5 18. Nc3 h5 {0-1 (50) Savchenko,B (2633)-Aleksandrov,A (2577) Almaty 2016}) 12. Bb2 Kd7 13. Nd5 {The position is equal.} g5 14. g4 Ne7 15. Nf6+ Kc6 16. h4 gxh4 17. Nxh4 Ng8 {And now ...Nxf6 would win.} 18. f3 Nxf6 19. exf6 Bd6 {White must now prevent ...Rag8.} 20. Kf2 Rag8 (20... Rhg8 $15) 21. Rg1 $11 b5 22. Rae1 {aiming for Rxe6!} Rg5 ({Of course not} 22... bxc4 $6 23. Rxe6 $1 {[%mdl 512]} fxe6 24. f7 $16) 23. Re4 bxc4 24. bxc4 h5 {Hoping for ...hxg4.} (24... Rb8 $5 {[%cal Rb8b2]} 25. Bc1 Re5 $17) 25. Bc1 (25. Rxe6 $5 fxe6 26. Bc1 $14) 25... Re5 {Threatens to win with ...hxg4.} 26. g5 Rxe4 27. fxe4 Bxc4 28. g6 fxg6 29. Nxg6 Re8 30. Kf3 Bxa2 31. Bf4 Bf7 (31... a5 $17 32. e5 Bd5+ 33. Kf2 Bf8) 32. e5 Bf8 33. Ke4 a5 34. Nxf8 Rxf8 {[%mdl 4096] Endgame KRB-KRB} 35. Rg7 Be6 (35... Bb3 $11 {remains equal.}) 36. Re7 $16 {[%mdl 1024] White has strong compensation.} Bb3 {[#] ...a4 is the strong threat.} 37. Kf5 $1 Bc2+ $2 {[#]} (37... Rg8) 38. Kg5 $1 $18 a4 $2 (38... Rg8+ 39. Kxh5 a4) 39. f7 {White is clearly winning.} a3 40. e6 Kd5 41. Kf6 Ba4 42. Rxc7 a2 43. Be5 Bb3 44. Ba1 Kd6 45. Rd7+ Kc6 46. Re7 Rd8 47. Re8 Rd1 {Precision: White = 92%, Black = 41%.} 1-0

[Event "EICC 2017"]
[Site "Minsk"]
[Date "2017.06.09"]
[Round "10"]
[White "Bacrot, Etienne"]
[Black "Prohaszka, Peter"]
[Result "1-0"]
[WhiteElo "2696"]
[BlackElo "2596"]
[Annotator "TA"]
[PlyCount "125"]
[EventDate "2017.??.??"]
[EventCountry "BLR"]
[SourceTitle "playchess.com"]
[Source "ChessBase"]
[SourceQuality "1"]

{[%evp 18,125,39,35,48,36,45,37,51,22,28,8,37,31,31,28,25,25,24,35,30,10,35,26,41,38,30,44,31,38,39,36,47,41,77,79,124,127,133,137,145,145,127,127,143,136,148,92,89,80,137,67,76,83,87,60,105,87,87,72,71,81,110,104,119,122,116,120,141,137,123,134,127,102,125,147,137,102,147,67,201,110,340,326,437,437,704,694,794,790,759,675,999,999,985,985,965,959,884,859,952,948,29967,11292,29975,12819,29972,29977,29992,29993]} 1. e4 c6 2. Nf3 d5 3. Nc3 Bg4 4. h3 Bxf3 5. Qxf3 e6 6. Be2 Nd7 {B11: Caro-Kann: Two Knights Variation} (6... Nf6 7. O-O Bc5 8. Rd1 Bd4 9. exd5 exd5 10. Bf1 O-O 11. Ne2 Bb6 12. Ng3 Re8 13. d4 Nbd7 14. c3 {1-0 (64) Nepomniachtchi,I (2719)-Grischuk,A (2747) Almaty 2016}) 7. d4 dxe4 8. Nxe4 Ngf6 9. Nxf6+ Nxf6 10. c3 {LiveBook: 7 Games} Bd6 11. h4 $146 ({Predecessor:} 11. Bg5 Be7 {½-½ (11) Fakhiridou,E (2239)-Danielian,E (2353) Tbilisi 1999}) 11... Qa5 12. Bg5 Qd5 13. O-O h6 14. Be3 O-O 15. Rfd1 Rad8 16. g3 Rd7 17. c4 Qxf3 18. Bxf3 Rfd8 19. g4 Bc7 20. Rab1 Bb6 {[%cal Rb6d4]} 21. g5 hxg5 22. hxg5 Nh7 {[%cal Rb6d4]} 23. c5 Bc7 24. b4 $36 {[%mdl 2048] White has the initiative.} a6 25. a4 {aiming for b5.} Rc8 26. Bg2 Nf8 27. b5 axb5 28. axb5 Ng6 29. bxc6 bxc6 30. Bxc6 Bh2+ 31. Kxh2 Rxc6 32. Rb8+ (32. Kg3 $142 Ne7 33. Rh1) 32... Kh7 $16 33. Rdb1 Ne7 (33... Rcc7 $142) 34. Kg2 (34. R8b7 $16 Rcc7 35. Rxc7 Rxc7 36. Kg3) 34... Kg6 35. Kf3 Kf5 36. Rh1 Ng6 37. Rh7 e5 38. d5 (38. Rxg7 $6 exd4 39. Bd2 Rxc5 $11) 38... Rxd5 39. Rxg7 Rd7 40. Rb6 e4+ 41. Kg3 Rxb6 42. cxb6 {[%mdl 4096] Endgame Hoping for Rg8. KRB-KRN} Ne5 43. Rg8 $1 {[%cal Rg8c8] Threatens to win with Rc8.} Rd1 44. Rc8 ({But not} 44. b7 $6 Rg1+ 45. Kh3 Nf3 $11) 44... Rg1+ 45. Kh3 {And now b7 would win.} Rh1+ 46. Kg2 $1 {[%cal Rg2h1]} Rb1 47. Rc1 Rb4 48. Rc7 ({Better is} 48. Rc5 $1 $16) 48... Ke6 {[#]} (48... Rb1 $1 $14 49. Rc1 Rb3) 49. Kg3 (49. b7 $1 $18 Kd6 {[#]} 50. g6 $1 {[%mdl 512]} fxg6 51. Rg7) 49... Nc4 $2 (49... Rb3 $16 {was called for.} 50. Kf4 Rb4) 50. Rc6+ $18 Kd5 51. Rf6 Nd6 (51... Ne5 $142 52. Bf4 Rb3+ 53. Kh4 Ng6+ 54. Kg4 Nxf4) 52. Kg4 Rb1 {Now ...Rg1+ and Black clings on.} 53. Bf4 Nc4 54. Rxf7 Rxb6 55. Kf5 Rb2 56. Rd7+ Kc6 57. Rc7+ Kd5 58. g6 Nd6+ 59. Kg5 Rxf2 60. Rd7 Ke6 61. Rxd6+ Ke7 62. Rd4 Kf8 63. Rxe4 {Precision: White = 78%, Black = 46%.} 1-0

[Event "EICC 2017"]
[Site "Minsk"]
[Date "2017.06.09"]
[Round "10"]
[White "Tomashevsky, Evgeny"]
[Black "Sutovsky, Emil"]
[Result "1/2-1/2"]
[WhiteElo "2696"]
[BlackElo "2646"]
[Annotator "TA"]
[PlyCount "41"]
[EventDate "2017.??.??"]
[EventCountry "BLR"]
[SourceTitle "playchess.com"]
[Source "ChessBase"]
[SourceQuality "1"]

{[%evp 23,41,0,0,0,0,0,12,11,8,3,16,13,30,19,11,10,13,9,10,0]} 1. Nf3 c5 2. c4 Nf6 3. Nc3 d5 4. cxd5 Nxd5 5. g3 Nc6 6. Bg2 g6 7. O-O Bg7 8. Nxd5 Qxd5 9. d3 O-O 10. Be3 Bd7 11. Nd4 Qd6 12. Nxc6 Bxc6 13. Bxc6 {A38: Symmetrical English vs ...g6: 4 Bg2 Bg7 5 Nf3 Nf6} Qxc6 14. Rc1 Qa6 15. Qb3 b6 16. Rc4 Rfd8 17. Rfc1 Rd7 18. a3 Rad8 {The position is equal.} 19. Qc2 (19. Rf4 Bf6 20. h4 Qb7 {1-0 (56) Nakamura,H (2802)-Caruana,F (2805) Stavanger 2015}) 19... Bd4 20. Bxd4 Rxd4 {[#]} 21. Qc3 $146 1/2-1/2

[Event "EICC 2017"]
[Site "Minsk"]
[Date "2017.06.09"]
[Round "10"]
[White "Duda, Jan-Krzysztof"]
[Black "Romanov, Evgeny"]
[Result "1-0"]
[WhiteElo "2693"]
[BlackElo "2636"]
[Annotator "TA"]
[PlyCount "85"]
[EventDate "2017.??.??"]
[EventCountry "BLR"]
[SourceTitle "playchess.com"]
[Source "ChessBase"]
[SourceQuality "1"]

{[%evp 18,85,54,54,89,79,93,91,91,95,95,91,91,91,89,90,87,85,83,83,98,53,67,54,50,35,23,29,29,46,35,41,56,58,71,72,75,62,74,75,72,59,56,33,115,114,120,127,116,115,134,156,152,141,231,224,256,254,269,256,481,470,789,831,853,839,858,854,841,833]} 1. e4 c5 2. Nf3 e6 3. d4 cxd4 4. Nxd4 a6 5. Bd3 Ne7 6. O-O Nec6 7. Be3 {B42: Sicilian: Kan Variation: 5 Bd3} Nxd4 8. Bxd4 Nc6 9. Be3 Be7 10. c4 {LiveBook: 3 Games} (10. Nd2 O-O 11. c3 b5 12. f4 Bb7 13. Nf3 Na5 14. b3 Qc7 {½-½ (69) Giri,A (2785)-Artemiev,V (2682) Sochi 2017}) 10... d6 11. Nc3 Bf6 12. Be2 O-O 13. Qd2 Qa5 14. Rfd1 Rd8 {[#]} 15. a3 $146 Bd7 16. b4 Qc7 17. Rac1 Be8 18. f4 Rac8 19. Bf1 Nb8 20. Qf2 {Black must now prevent Bb6.} Nd7 21. Na4 Qc6 22. Nb6 Nxb6 23. Bxb6 Rd7 24. Qe3 {[#] b5 is the strong threat.} Qa4 25. Be2 $36 {[%mdl 2048] White fights for an advantage.} Bd8 26. Bxd8 Rdxd8 27. f5 exf5 $1 28. exf5 {And now f6! would win.} f6 29. Rd4 Bf7 30. Rc3 Qe8 {[#]} (30... Qc6 $14) 31. Qxe8+ $1 $16 Rxe8 32. Bf3 b5 {[%cal Rc8c4]} 33. Rxd6 {Threatens to win with c5.} Bxc4 34. Rxa6 Rcd8 35. Ra7 Re5 (35... h5 $16 36. h3 (36. Bxh5 Re1+ 37. Kf2 Rf1+ 38. Kg3 Rxf5 $16) 36... Re1+ 37. Kh2 Rd3) 36. a4 $18 {[%cal Ba3a4,Ba4a5,Ba5a6][%mdl 32]} Rxf5 37. Rc1 Re5 38. a5 {Hoping for a6.} Rd2 $2 (38... Re3 {was worth a try.} 39. Ra1 Rdd3) 39. Ra1 {White is clearly winning.} g5 (39... Be2 $142 40. Bc6 Bd1) 40. a6 g4 41. Bc6 Rf5 42. Rd7 Ra2 43. Rdd1 {Precision: White = 87%, Black = 51%.} 1-0

[Event "EICC 2017"]
[Site "Minsk"]
[Date "2017.06.09"]
[Round "10"]
[White "Mamedov, Rauf"]
[Black "Deac, Bogdan-Daniel"]
[Result "1-0"]
[WhiteElo "2689"]
[BlackElo "2572"]
[Annotator "TA"]
[PlyCount "73"]
[EventDate "2017.??.??"]
[EventCountry "BLR"]
[SourceTitle "playchess.com"]
[Source "ChessBase"]
[SourceQuality "1"]

{[%evp 18,73,0,-8,8,22,23,-26,-27,-25,-25,-22,-22,-22,-25,-26,-26,-23,-22,-19,-18,-25,-8,-84,-9,-14,-14,-46,-42,-56,-40,-55,-52,-52,-52,-62,-72,-59,-56,-54,0,-13,0,0,0,0,114,104,140,145,249,250,561,555,878,873,1017,915]} 1. e4 c6 2. Nc3 d5 3. d4 dxe4 4. Nxe4 Bf5 5. Ng3 Bg6 6. N1e2 Nf6 7. h4 h6 8. Nf4 Bh7 9. Bc4 e6 10. c3 Nbd7 {[%cal Bb8d7,Bd7b6,Bb6d5][%mdl 32] B18: Classical Caro-Kann: 4...Bf5 sidelines} 11. O-O (11. Qe2 Nb6 12. Bb3 Nbd5 13. Ngh5 Nxf4 14. Bxf4 Nxh5 15. Qxh5 Bd6 16. Bxd6 Qxd6 17. Qe5 Qxe5+ 18. dxe5 {½-½ (28) Nitin,S (2428)-Postny,E (2601) Graz 2017}) 11... Nb6 12. Bb3 (12. Nxe6 $5 fxe6 13. Bxe6 $15) 12... Bd6 {Black has an edge.} 13. Qf3 O-O 14. Re1 Nbd5 15. Nd3 $146 ({Predecessor:} 15. c4 Nxf4 16. Bxf4 Bxf4 17. Qxf4 a5 18. Re2 {0-1 (42) Praneeth,S (2246)-Thejkumar,M (2442) Chennai 2012}) 15... a5 {[%cal Ba7a5,Ba5a4][%mdl 32]} 16. a3 a4 17. Ba2 b5 18. Bd2 Rc8 19. Rac1 Re8 20. Rcd1 (20. Ne5 $11) 20... Bb8 (20... Bxd3 $17 21. Qxd3 Ng4) 21. Bc1 (21. Bf4 $5) 21... Nd7 22. h5 Qh4 23. Ne5 $1 N7f6 24. Qe2 Nf4 25. Bxf4 Qxf4 26. Bb1 Bxb1 27. Rxb1 Red8 28. Rbd1 {[%cal Bb1d1,Bd1d3,Bd3h3,Bh3g3,Bg3f3][%mdl 32]} ({But not} 28. Nxf7 $2 Kxf7 29. Qxe6+ Kf8 $19) 28... Rc7 29. Rd3 Rd5 30. Nf1 Qg5 31. Rh3 Ne8 (31... Rd8 $11) 32. Rg3 $1 $36 {[%cal Rg3g5][%mdl 2048] Keeping Black busy.} Qe7 {[#]} 33. Ne3 $1 {[%cal Re3d5]} Rd8 {[#]} (33... Rd6 $16 {keeps fighting.} 34. N5g4 Rdd7) 34. N3g4 $1 $18 {[%cal Rg4h6] Threatens to win with Nxh6+.} Kh8 $2 (34... Qg5 35. Nxc6 Rxc6) 35. Rf3 {White is clearly winning.} Nf6 36. Nxf6 gxf6 37. Qe3 {Precision: White = 69%, Black = 50%.} 1-0

[Event "EICC 2017"]
[Site "Minsk"]
[Date "2017.06.09"]
[Round "10"]
[White "Korobov, Anton"]
[Black "Maliush, Andrei"]
[Result "1/2-1/2"]
[WhiteElo "2688"]
[BlackElo "2286"]
[Annotator "TA"]
[PlyCount "81"]
[EventDate "2017.??.??"]
[EventCountry "BLR"]
[SourceTitle "playchess.com"]
[Source "ChessBase"]
[SourceQuality "1"]

{[%evp 19,81,72,86,58,60,51,58,53,61,55,55,50,50,47,60,40,70,37,38,30,38,-22,-29,-23,-21,-36,-23,-43,-43,-54,-43,-58,-50,-50,-43,-43,-25,-41,-41,-55,-54,-50,-48,-89,-89,-89,-89,-89,-89,-93,-93,-89,-89,-145,-145,-145,-145,-153,-69,-69,-70,-89,-89,-95]} 1. d4 d5 2. Bf4 Nf6 3. Nf3 c6 4. e3 e6 5. c4 Nbd7 6. Nc3 Be7 7. h3 O-O 8. Rc1 Ne4 9. Bd3 f5 10. O-O Ndf6 11. Ne5 {A84: Dutch Defence: 2 c4 Miscellaneous} (11. Ne2 Bd7 12. Ne5 Be8 13. Bh2 Bd6 14. f3 Ng5 15. Nf4 Qe7 16. Bb1 Nd7 17. Nfd3 Nxe5 18. dxe5 Bc7 {½-½ (72) Yuan,Y (2317)-Ding,Y (2423) Wuxi 2017}) 11... Nd7 $146 ({Predecessor:} 11... Qe8 12. c5 Nd7 13. Nxd7 Bxd7 14. f3 Nf6 15. e4 Nh5 16. Be5 dxe4 17. fxe4 Bg5 18. Rc2 Be3+ 19. Kh2 Qg6 20. Rf3 Qh6 21. exf5 Rxf5 22. Bxf5 exf5 {1-0 (22) Prielozny,S (2128)-Szamos,A (2192) Slovakia 2015}) 12. Ne2 Nxe5 13. Bxe5 {White is slightly better.} Bd7 14. Qc2 Ng5 15. a3 Nf7 16. Bf4 Bd6 17. Kh1 Kh8 18. cxd5 cxd5 19. Qd2 Qb6 20. Ng1 (20. h4 $14) 20... Bxf4 $11 21. exf4 Qxd4 22. Nf3 Qb6 23. b4 Rac8 24. Kg1 Kg8 25. b5 Qd6 ({Don't blunder} 25... Bxb5 $2 26. Rb1 $18) 26. a4 Rxc1 27. Rxc1 Rc8 28. Rxc8+ Bxc8 29. Qc3 Bd7 30. g3 b6 31. Ne5 Nxe5 32. Qxe5 Qxe5 33. fxe5 $17 {[%mdl 4096] Endgame KB-KB} g5 34. Kf1 Be8 35. Be2 Kg7 36. Ke1 (36. f4 $142) 36... h5 37. f3 Bg6 38. Kd2 g4 (38... h4 $17 39. g4 fxg4 40. fxg4 Be4) 39. fxg4 $15 fxg4 40. h4 Be4 41. Bd1 {Precision: White = 40%, Black = 68%.} 1/2-1/2